000 00522nam a2200205 a 4500
001 BS0002232
003 BR-BrBNA
005 20230906142451.0
008 230308b |||||||| |||| 00| 0 por d
040 _aBR-BrBNA
_bpor
_cBiblioteca Nacional de Agricultura
041 _apor
072 _aS85
090 _aS85
_bBS0002232
100 1 _aLee, Harper.
245 1 _aTo kill a mockingbird /
260 3 _a1982:
_bTime Warner Company,
_c1982.
300 _a281 p.
650 _aS85 LITERATURA AMERICANA
942 _cBK
_2AGRIS
999 _c7256
_d7256